Patah sayap terbang jua

Bibliographic Details
Main Author: Abdul Samad Ismail
Other Authors: Azman Yusof (Illustrator)
Format: Book
Published: Kuala Lumpur : Creative Enterprise Sdn.Bhd.c1993
Series:Novel remaja creative
Subjects:

MARC

LEADER 00000cam a2200000 7i4500
001 0000009305
002 000010135
005 20010309.0
020 |a 9838931098 
090 0 0 |a F   |b ABD 
100 0 |a Abdul Samad Ismail 
245 1 0 |a Patah sayap terbang jua   |c Abdul Samad Ismail 
260 |a Kuala Lumpur :   |b Creative Enterprise Sdn.Bhd.c1993 
300 |a 360p. ;   |c 18cm. 
490 0 |a Novel remaja creative 
650 0 0 |a Malay fiction 
700 0 |a Azman Yusof ,   |e ill 
999 |a 00100827   |b BUKU   |c FICTION   |e PERPUSTAKAAN KOMUNITI PETALING JAYA 
999 |a 00100828   |b BUKU   |c FICTION   |e PERPUSTAKAAN KOMUNITI CAW KOTA DAMANSARA 
999 |a 00100829   |b BUKU   |c FICTION   |e PERPUSTAKAAN KOMUNITI PETALING JAYA